Clash Royale Toutes les cartes FR - Statistics

General Stats
  • This quiz has been taken 172 times
  • The average score is 36 of 88
Answer Stats
Grade Carte % Correct
Rare Géant
79%
Rare Sorcier
77%
Commune Squelettes
77%
Épique Prince
75%
Commune Électrocution
72%
Rare Boule de Feu
68%
Commune Chevalier
67%
Commune Gobelins
65%
Commune Barbares
63%
Épique P.E.K.K.A.
63%
Épique Golem
62%
Rare Mini P.E.K.K.A.
62%
Légendaire Sorcier de Glace
62%
Légendaire Méga Chevalier
61%
Épique Sorcière
61%
Légendaire Électro-Sorcier
59%
Commune Flèches
59%
Légendaire Princesse
59%
Commune Esprit de Glace
57%
Rare Chevaucheur de Cochon
54%
Commune Gargouilles
54%
Rare Valkyrie
54%
Épique Armée de Squelettes
53%
Épique Bébé Dragon
51%
Rare Tour de l'Enfer
51%
Commune Archers
50%
Commune Canon
50%
Commune Géant Royal
50%
Légendaire Mineur
50%
Commune Tesla
50%
Rare Mousquetaire
49%
Légendaire Dragon de l'Enfer
48%
Épique Rage
48%
Commune Barbares d'Élite
47%
Épique Foudre
47%
Épique Fût à Gobelins
45%
Légendaire Zappy
45%
Légendaire Bûcheron
44%
Commune Gobelins à Lances
43%
Commune Horde de Gargouilles
43%
Épique Ballon
41%
Épique Prince Ténébreux
41%
Rare Roquette
41%
Légendaire Cimetière
40%
Légendaire Molosse de Lave
38%
Rare Cabane de Barbare
36%
Épique Gel
36%
Épique Poison
36%
Épique Arc-X
35%
Rare Golem de Glace
35%
Légendaire Sorcière de la Nuit
35%
Légendaire Archer Magique
34%
Commune Mortier
33%
Commune Bombardier
32%
Rare Cabane de Gobelin
32%
Rare Fournaise
32%
Commune Gang de Gobelins
32%
Rare Gobelin à Sarbacane
32%
Commune Esprits de Feu
29%
Rare Méga Gargouille
29%
Rare Pierre Tombale
29%
Rare Tour à Bombes
29%
Légendaire Voleuse
29%
Commune Fût à Squelettes
28%
Épique Bourreau
27%
Légendaire La Bûche
27%
Épique Miroir
27%
Épique Squelette Géant
27%
Commune Chauves-Souris
25%
Épique Fût à Barbares
25%
Rare Trois Mousquetaires
24%
Épique Bouliste
23%
Légendaire Fantôme Royal
22%
Épique Gardes
22%
Épique Gobelin Géant
22%
Épique Clonage
21%
Épique Tornade
21%
Rare Cochons Royaux
20%
Rare Bélier de Combat
18%
Commune Recrues Royales
17%
Rare Extracteur d'Élixir
16%
Épique Chasseur
15%
Commune Fripons
14%
Épique Charrette à Canon
12%
Commune Méga Boule de Neige
12%
Rare Électrocuteurs
11%
Rare Guérison
11%
Rare Machine Volante
9%
No matching quizzes found
Score Distribution
Percent of People with Each Score
Percentile by Number Answered
Your Score History
You have not taken this quiz